Případové studie z ekonomiky, organizace a řízení průmyslových podniků a VHJ : materiály ke cvičení /

Hlavní autor: Macek, Jan, 1931-
Další autoři: Doležal, Ivo, Wagnerová, Eva, 1949-
Jazyk: Čeština
Vydáno: Ostrava : Vysoká škola báňská, 1981
Vydání: 1. vyd.
Témata:
Fyzický popis: 53 s. : tb., schémata ; 29 cm + 14 příl. ; Doplněk určený posluchačům dálkového studia (40 s.)
Knihy
Uloženo v:
LEADER 01291nam a22003252a 4500
001 000930469
003 CZ BrMZK
005 20090217081228.0
007 ta
008 090217s1981 xr e er|||||||||||cze d
015 |a cnb000402108  |z cnb000135962 
035 |a (OCoLC)42165111 
040 |a ABA001  |b cze  |c ABA001  |d ABA001  |d BOA001 
080 9 |a 65(076.5) 
080 9 |a 378.666.2 
100 1 |a Macek, Jan,  |d 1931-  |7 ola2002142266  |4 aut 
245 1 0 |a Případové studie z ekonomiky, organizace a řízení průmyslových podniků a VHJ :  |b materiály ke cvičení /  |c Jan Macek, Ivo Doležal, Eva Wagnerová 
250 |a 1. vyd. 
260 |a Ostrava :  |b Vysoká škola báňská,  |c 1981 
300 |a 53 s. :  |b tb., schémata ;  |c 29 cm +  |e 14 příl. ; Doplněk určený posluchačům dálkového studia (40 s.) 
500 |a 500 výt. 
521 8 |a Určeno pro posl. 2., 3. [ročníků] fakulty ekonomické 
700 1 |a Doležal, Ivo  |4 aut 
700 1 |a Wagnerová, Eva,  |d 1949-  |7 mzk2003171586  |4 aut 
910 |a BOA001  |b 4-0845.078 
964 |a Průmyslové podniky - ekonomika - praktika 
964 |a Výrobně-hospodářské jednotky - ekonomika - praktika 
990 |a BK 
991 |b 200902 
996 6 |b BC-676854  |c 4-0845.078  |l MZK  |r Sklad / do 1 hodiny  |n 0  |w 000930469  |u 000010  |a 1  |e BOA001  |j MZK50  |s P